សង្គមវិទ្យា (Record no. 8445)

000 -LEADER
fixed length control field 00263nam a22001097a 4500
040 ## - CATALOGING SOURCE
Transcribing agency HS
082 ## - DEWEY DECIMAL CLASSIFICATION NUMBER
Classification number 301
100 ## - MAIN ENTRY--AUTHOR NAME
Personal name ហ៊ីង សាលីន
245 ## - TITLE STATEMENT
Title សង្គមវិទ្យា
260 ## - PUBLICATION, DISTRIBUTION, ETC. (IMPRINT)
Place of publication RUA
Name of publisher ហ៊ីង សាលីន
Year of publication 2006
942 ## - ADDED ENTRY ELEMENTS (KOHA)
Koha item type សៀវភៅភាសាខ្មែរ
952 ## - LOCATION AND ITEM INFORMATION (KOHA)
Withdrawn status [LOCAL, KOHA] 0
952 ## - LOCATION AND ITEM INFORMATION (KOHA)
Withdrawn status [LOCAL, KOHA] 0
952 ## - LOCATION AND ITEM INFORMATION (KOHA)
Withdrawn status [LOCAL, KOHA] 0
952 ## - LOCATION AND ITEM INFORMATION (KOHA)
Withdrawn status [LOCAL, KOHA] 0
Holdings
Permanent Location Date acquired Koha item type Lost status Shelving location Barcode Current Location Full call number
Library Block C2016-08-01សៀវភៅភាសាខ្មែរ C193RUA034886Library Block C301 ហ៊ីង 2006 C193
Library Block C2016-08-01សៀវភៅភាសាខ្មែរ C195RUA034823Library Block C301 ហ៊ីង 2006 C195
Library Block C2016-08-01សៀវភៅភាសាខ្មែរ C194RUA037394Library Block C301 ហ៊ីង 2006 C194
Library Block C2016-08-01សៀវភៅភាសាខ្មែរ C195RUA035228Library Block C301 ហ៊ីង 2006 C195
មជ្ឈមណ្ឌលឯការនៃសាកលវិទ្យាល័យភូមិន្ទកសិកម្មចំការដូង

Powered by Koha